| 000 | 00751nam a22002177a 4500 | ||
|---|---|---|---|
| 003 | OSt | ||
| 005 | 20250313163241.0 | ||
| 008 | 250313b |||||||| |||| 00| 0 sp d | ||
| 020 | _a997730160X | ||
| 040 |
_acunsuroc _besp _canacap |
||
| 082 |
_21a. ed. _a320.01 T963 _b1 |
||
| 100 |
_aTorres-Rivas, Edelberto, comp. _910497 |
||
| 245 |
_aPolítica: _bteoría y métodos _cTorres-Rivas, Edelberto, comp. _hFísico |
||
| 250 | _a1a. ed. | ||
| 260 |
_aSan José, Costa Rica: _bEDUCA, _c1990 |
||
| 300 |
_a352p. ; _c21cm. |
||
| 365 |
_b1 _d23.00 _jcr |
||
| 490 | _aColección Aula: programa Centroamericano de Apoyo Docente, SG., CSUCA. | ||
| 650 | _2Ciencias políticas - Metodología | ||
| 942 |
_2ddc _cBK _e1a. ed. _h320.01 T963 _n0 |
||
| 999 |
_c4656 _d4656 |
||